000 00644nam a2200241 i 4500
001 18365
003 ES-MaACL
005 20250805062602.0
007 t|
008 011107s2001 sp ||||1| spa d
020 _a84-344-1701-4
080 _a316
100 1 _aGiner, Salvador.
_957117
245 1 0 _aTeoría sociológica clásica /
_cSalvador Giner.
250 _a1ª ed.
260 _aBarcelona :
_bAriel,
_c2001.
300 _a400 p. ;
_c24 cm.
490 1 _aAriel sociología
650 7 _aSociología
_2embne
_917195
830 0 _aAriel sociología
_9180382
852 _aES-MaACL
_jL-25034
_bR.130509
999 _c18365
_d18365